000 01281cam a2200229 4500
001 WB3904-07
008 030129n2003 000 0 eng u
035 _a(Sirsi) u121170
245 _aPlanning traineeships for ethnic minorities
260 _c2003
490 _aODPM News Release
_v(ODPM - 0010) 29 January 2003, (2)
520 _aA scheme has been launched to attract more ethnic minoritiesinto the planning profession. The joint initiative run by the Planning Inspectorate and Positive Training Highway (PATH) will start to recruit for traineeships in the spring with the first candidate placements in the autumn. As well as a postgraduate planning degree, trainees will get work experience in a local authority planning department or at the Planning Inspectorate. The scheme will run for at least five years. Application details from: Noorjaham Rahman, The Planning Inspectorate,Temple Quay House, 2 The Square, Temple Quay, Bristol, BS1 6PN http://www.odpm.gov.uk/news/0301/0010.htm
590 _aWB
650 _aPLANNING PROFESSION
650 _aTOWN AND COUNTRY PLANNING
650 _aLOCAL AUTHORITIES
650 _aTRAINEES
650 _aPLANNING INSPECTORATE
650 _aETHNIC MINORITIES
690 _aCAREERS, EDUCATION AND TRAINING
942 _n0
999 _c71998
_d71998